[Event "Brasilia-ch"]
[Site "Brasilia"]
[Date "2017.11.17"]
[Round "4"]
[White "De Siqueira, Luigy Lira"]
[Black "Montalvao, Paulo Israel Souza"]
[Result "1-0"]
[WhiteElo "1431"]
[BlackElo "1382"]
[PlyCount "51"]
[EventDate "2017.11.15"]
[EventType "swiss"]
[EventRounds "7"]
[EventCountry "BRA"]
[SourceTitle "EXT 2019"]
[Source "ChessBase"]
[SourceDate "2018.10.10"]
[SourceVersion "1"]
[SourceVersionDate "2018.10.10"]
[SourceQuality "1"]

1. e4 c5 2. Nf3 Nc6 3. d4 cxd4 4. Nxd4 d6 5. Nc3 Nf6 6. Be3 g6 7. Qd2 Bg7 8. f3 Bd7 9. 0-0-0 a5 10. g4 Ne5 11. Bh6 0-0 12. Bxg7 Kxg7 13. g5 Ne8 14. f4 Nc6 15. h4 Bg4 16. Be2 Qd7 17. Bxg4 Qxg4 18. Rdg1 Qd7 19. h5 Nc7 20. hxg6 hxg6 21. Rh6 Nxd4 22. Qxd4+ f6 23. gxf6+ Rxf6 24. Rgxg6+ Kf8 25. Rxf6+ exf6 26. Qxf6+ 1-0

[Event "Brasilia-ch"]
[Site "Brasilia"]
[Date "2017.11.16"]
[Round "3"]
[White "Montalvao, Paulo Israel Souza"]
[Black "Aguiar, Arthur Vinicius De"]
[Result "1-0"]
[WhiteElo "1382"]
[BlackElo "1296"]
[PlyCount "68"]
[EventDate "2017.11.15"]
[EventType "swiss"]
[EventRounds "7"]
[EventCountry "BRA"]
[SourceTitle "EXT 2019"]
[Source "ChessBase"]
[SourceDate "2018.10.10"]
[SourceVersion "1"]
[SourceVersionDate "2018.10.10"]
[SourceQuality "1"]

1. d4 Nf6 2. c4 g6 3. Nc3 d5 4. Nf3 Bg7 5. Bf4 0-0 6. e3 c6 7. Qb3 e6 8. Be2 Nbd7 9. 0-0 b6 10. cxd5 exd5 11. Rac1 Bb7 12. Rfd1 Qe7 13. Bd3 Ne4 14. h3 Ndf6 15. Qc2 Rfe8 16. Ne5 Nxc3 17. Qxc3 Rac8 18. Qb3 c5 19. Bb5 Red8 20. Qa3 a6 21. Be2 Nd7 22. Nxd7 Rxd7 23. dxc5 bxc5 24. Bf3 h6 25. Rc2 g5 26. Bg3 Bf8 27. Bg4 Qe4 28. Re2 f5 29. Bf3 Qe6 30. Red2 c4 31. Qa4 Rc5 32. e4 Bd6 33. exd5 Bxd5 34. Bxd5 Rxd5 1-0

[Event "Brasilia Viva op"]
[Site "Brasilia"]
[Date "2017.04.30"]
[Round "5"]
[White "Correa, Lorenna Martins"]
[Black "Montalvao, Paulo Israel Souza"]
[Result "1-0"]
[WhiteElo "1625"]
[BlackElo "1789"]
[PlyCount "49"]
[EventDate "2017.04.28"]
[EventType "swiss"]
[EventRounds "7"]
[EventCountry "BRA"]
[SourceTitle "CBM 178 Extra"]
[Source "ChessBase"]
[SourceDate "2017.06.22"]
[SourceVersion "1"]
[SourceVersionDate "2017.06.22"]
[SourceQuality "1"]

1. d4 d5 2. c4 e6 3. Nc3 Nf6 4. Bg5 Be7 5. Nf3 Nbd7 6. e3 c5 7. cxd5 cxd4 8. Qxd4 Bc5 9. Qd1 Nb6 10. dxe6 Bxe6 11. Qxd8+ Rxd8 12. Bxf6 gxf6 13. Bb5+ Ke7 14. 0-0 Rhg8 15. Kh1 Bd5 16. Nxd5+ Rxd5 17. Be2 Bd6 18. g3 Nd7 19. Rfd1 Rh5 20. Nh4 Re5 21. f4 Rc5 22. Rac1 Ra5 23. e4 Bb8 24. Nf5+ Ke8 25. Rc8# 1-0

[Event "Brasilia Viva op"]
[Site "Brasilia"]
[Date "2017.04.28"]
[Round "1"]
[White "Nobre, Jailson Altair Barb"]
[Black "Montalvao, Paulo Israel Souza"]
[Result "1-0"]
[WhiteElo "1740"]
[BlackElo "1789"]
[PlyCount "161"]
[EventDate "2017.04.28"]
[EventType "swiss"]
[EventRounds "7"]
[EventCountry "BRA"]
[SourceTitle "CBM 178 Extra"]
[Source "ChessBase"]
[SourceDate "2017.06.22"]
[SourceVersion "1"]
[SourceVersionDate "2017.06.22"]
[SourceQuality "1"]

1. e4 c5 2. Nf3 Nc6 3. d3 d6 4. g3 Nf6 5. Bg2 g6 6. 0-0 Bg7 7. Nbd2 0-0 8. Re1 Qc7 9. c3 Rb8 10. h3 Nd7 11. Nf1 b5 12. Ne3 Nf6 13. Qe2 Re8 14. Nh4 Bd7 15. f4 Qc8 16. f5 Nh5 17. Kh2 Be5 18. Nf1 b4 19. Bd2 bxc3 20. Bxc3 Nd4 21. Bxd4 Bxd4 22. Rab1 Be5 23. Nf3 Bg7 24. fxg6 fxg6 25. Ne3 Rf8 26. Nc4 Bb5 27. b3 Qc7 28. e5 dxe5 29. Nfxe5 Rf6 30. Qe3 Rd8 31. Rbc1 Re6 32. Qg5 Bf6 33. Qg4 Bxc4 34. Qxc4 Qd6 35. Nxg6 Kf7 36. Qxe6+ Qxe6 37. Rxe6 Kxe6 38. Re1+ Kf7 39. Ne5+ Kf8 40. Bc6 Kg7 41. Bb5 Kf8 42. Nd7+ Kf7 43. Nxf6 Nxf6 44. Rc1 Ke6 45. Rxc5 Nd5 46. Bc4 Ke5 47. Kg2 Kd4 48. Ra5 Ne3+ 49. Kf3 Rf8+ 50. Ke2 Nf5 51. Rd5+ Kc3 52. g4 Nd4+ 53. Ke3 Nc2+ 54. Ke4 Nb4 55. Rb5 Nxa2 56. Ra5 Nb4 57. Rxa7 Nc6 58. Rc7 Nd4 59. Rxe7 Nf3 60. Ke3 Nd4 61. Rf7 Re8+ 62. Kf4 Ne2+ 63. Kg5 Re5+ 64. Rf5 Re3 65. h4 Ng3 66. Rf6 Re7 67. Rf7 Rxf7 68. Bxf7 Kxd3 69. b4 Ne4+ 70. Kf4 Nd6 71. Bg8 h6 72. g5 hxg5+ 73. hxg5 Kc3 74. Ke5 Nc8 75. b5 Kb4 76. Ke6 Kxb5 77. g6 Kc5 78. g7 Nd6 79. Bf7 Nb5 80. g8Q Nd4+ 81. Kf6 1-0